The trivia lover's guide to even more of the world : Geography for the global generation

An inveterate traveler and geographer extraordinaire, Fuller provides extensive background, engaging maps and photos, and thorough explanations for each intriguing trivia question. Challenging today’s global generation to truly get to know their world, his book is a delight to read and an essential...

Full description

Saved in:
Bibliographic Details
Main Author: Fuller, Gary
Format: Book
Language:Undetermined
Published: Lanham, Maryland Rowman &​ Littlefield 2015
Subjects:
Tags: Add Tag
No Tags, Be the first to tag this record!
Institutions: Trung tâm Học liệu Trường Đại học Cần Thơ
LEADER 00924nam a2200205Ia 4500
001 CTU_227870
008 210402s9999 xx 000 0 und d
082 |a 910 
082 |b F965 
100 |a Fuller, Gary 
245 4 |a The trivia lover's guide to even more of the world : 
245 0 |b Geography for the global generation 
245 0 |c Gary Fuller 
260 |a Lanham, Maryland 
260 |b Rowman &​ Littlefield 
260 |c 2015 
520 |a An inveterate traveler and geographer extraordinaire, Fuller provides extensive background, engaging maps and photos, and thorough explanations for each intriguing trivia question. Challenging today’s global generation to truly get to know their world, his book is a delight to read and an essential antidote to our lack of geographical knowledge. 
650 |a Địa lý,Geography 
910 |b nthai 
980 |a Trung tâm Học liệu Trường Đại học Cần Thơ